000 00316nam a22001217a 4500
008 250218b |||||||| |||| 00| 0 eng d
050 _aHD1375
_b.O36
100 _aO' DONNELL, T. Paul
245 _aThe Selling of Real Estate
260 _aPhiladelphia
_bW.B Sunders Company
_c1978
300 _avii, 373p.
942 _cBK
999 _c1971
_d1971